000 00920nam0a22002531 4500
001 rc\769362
005 20250622124800.0
035 _a(NLR Aleph) 006296115
090 _a7201830
_c7201830
100 _a20040301d1985 |||y0rusy50 ca
101 0 _arus
102 _aRU
105 _aa |||||||||
200 1 _aМикропроцессорные устройства в системах управления технологическим оборудованием
_eУчеб. пособие
_fПод ред. В.Ф. Горнева
210 _aМ.
_cМВТУ
_d1985
215 _a34 с.
_cил.
_d20
300 _aВ надзаг.: МВТУ им. Н.Э. Баумана
320 _aБиблиогр.: с. 33 (11 назв.)
700 1 _aОблов
_bВ.К.
_gВиктор Константинович
801 0 _aRU
_bNLR
_gpsbo
801 1 _aRU
_bELAR
_2rusmarc
852 _aNLR
_j85-4/21223
942 _cBOOK
980 _aNB